[Event "Germany Grand Prix 2021"]
[Site "Dortmund GER"]
[Date "2021.07.14"]
[Round "2.4"]
[White "Pavel Eljanov"]
[Black "Vincent Keymer"]
[Result "1-0"]
[EventDate "?"]
[WhiteElo "2671"]
[BlackElo "2591"]
[PlyCount "96"]

1. e4 c5 2. Nc3 d6 3. Nge2 Nf6 4. g3 Nc6 5. Bg2 a6 6. O-O e6 7. d4 cxd4 8. Nxd4 Bd7 9. Nce2 Rc8 10. a4 Be7 11. c4 Nxd4 12. Qxd4 O-O 13. Nc3 Ng4 14. Qd1 Ne5 15. b3 Bf6 16. Bd2 Nc6 17. Rb1 Bd4 18. Ne2 Ba7 19. Bc3 Qc7 20. Qd2 e5 21. h3 a5 22. Kh2 Bc5 23. f4 f6 24. f5 Kf7 25. g4 Rg8 26. g5 Rcf8 27. Rf3 Ke7 28. Rg3 Be8 29. Bb2 Kd8 30. Nc3 fxg5 31. Nd5 Qd7 32. Bc3 b6 33. b4 axb4 34. Nxb4 Nxb4 35. Bxb4 Qc7 36. Bxc5 Qxc5 37. Rgb3 h6 38. Rxb6 Bc6 39. R1b5 Bxb5 40. Rxb5 Qc6 41. c5 Kd7 42. cxd6 Rf6 43. Qb2 Rc8 44. Qxe5 Rxd6 45. Rb7+ Rc7 46. Rb8 Rd2 47. Qxg7+ Kd6 48. Qf6+ 1-0

[Event "Germany Grand Prix 2021"]
[Site "Dortmund GER"]
[Date "2021.07.14"]
[Round "3.2"]
[White "Vincent Keymer"]
[Black "Rustam Kasimdzhanov"]
[Result "1-0"]
[EventDate "?"]
[WhiteElo "2591"]
[BlackElo "2662"]
[PlyCount "42"]

1. d4 d5 2. c4 c6 3. Nf3 Nf6 4. e3 Bf5 5. Nc3 e6 6. Nh4 Bg6 7. Be2 Nbd7 8. g3 Be7 9. O-O O-O 10. Nxg6 hxg6 11. Qc2 dxc4 12. Bxc4 c5 13. dxc5 Bxc5 14. Rd1 Qe7 15. Bd2 Rfc8 16. Bf1 Bd6 17. Rac1 Rab8 18. Be1 a6 19. Bg2 Be5 20. Qb1 Nb6 21. b3 1-0

[Event "Germany Grand Prix 2021"]
[Site "Dortmund GER"]
[Date "2021.07.13"]
[Round "1.2"]
[White "Vincent Keymer"]
[Black "Dmitrij Kollars"]
[Result "0-1"]
[EventDate "?"]
[WhiteElo "2591"]
[BlackElo "2607"]
[PlyCount "82"]

1. d4 Nf6 2. c4 e6 3. Nf3 d5 4. Nc3 dxc4 5. e4 Bb4 6. Bxc4 Nxe4 7. O-O Nf6 8. Qa4+ Nc6 9. Bg5 Bxc3 10. bxc3 O-O 11. Rad1 h6 12. Bc1 Nd5 13. Qc2 Rb8 14. a4 a6 15. Ne5 Qd6 16. Rfe1 b5 17. Ba2 Bb7 18. Rd3 f5 19. Rg3 Rf6 20. Nd3 Nce7 21. Bd2 Ba8 22. Qc1 Kh7 23. Bb1 Ng6 24. Ne5 Nde7 25. Nd3 bxa4 26. Nc5 a3 27. Qxa3 e5 28. Bc2 exd4 29. cxd4 Nc6 30. Ba4 Nxd4 31. Nd7 f4 32. Rd3 Rd8 33. Nxf6+ Qxf6 34. f3 Nh4 35. Kh1 Qg6 36. Rg1 Ndxf3 37. Bc2 Nxg1 38. Rg3 Qxc2 39. Rxg7+ Kxg7 40. Qe7+ Kg6 41. Qe6+ Kh5 0-1

[Event "Tetraktys Concept Mgmt"]
[Site "Europe Echecs INT"]
[Date "2021.06.06"]
[Round "5"]
[White "Dias Huizar,Alvaro"]
[Black "Vincent Keymer"]
[Result "0-1"]
[EventDate "?"]
[WhiteElo "2409"]
[BlackElo "2591"]
[PlyCount "44"]

1. d4 Nf6 2. Nc3 d5 3. Bg5 Nbd7 4. f3 h6 5. Bh4 g5 6. Bf2 e5 7. h4 g4 8. e4 gxf3 9. Qxf3 Bb4 10. exd5 e4 11. Qe2 Qe7 12. O-O-O Bxc3 13. bxc3 Nxd5 14. Qc4 N7b6 15. Qc5 Be6 16. Bb5+ c6 17. Qxe7+ Kxe7 18. Be2 Nxc3 19. Kb2 Nxd1+ 20. Bxd1 Rhg8 21. g3 e3 22. Bxe3 Nc4+ 0-1

[Event "ch-Schachbundesliga 2020"]
[Site "Karlsruhe GER"]
[Date "2020.09.19"]
[Round "5.2"]
[White "Vincent Keymer"]
[Black "Krzysztof Jakubowski"]
[Result "1-0"]
[EventDate "?"]
[WhiteElo "2568"]
[BlackElo "2481"]
[PlyCount "86"]

1. d4 Nf6 2. c4 e6 3. Nf3 b6 4. g3 Bb7 5. Bg2 Bb4+ 6. Bd2 Bxd2+ 7. Qxd2 O-O 8. O-O d6 9. Qd3 Be4 10. Qe3 c6 11. Nc3 Bg6 12. d5 exd5 13. cxd5 c5 14. Qf4 a6 15. a4 Re8 16. Nd2 Nh5 17. Qc4 Nd7 18. f4 f5 19. e4 Nhf6 20. exf5 Bxf5 21. Rfe1 Ng4 22. Nde4 Ndf6 23. h3 Nxe4 24. Nxe4 Bxe4 25. Bxe4 Nf6 26. Bf5 Rxe1+ 27. Rxe1 b5 28. axb5 Qa5 29. Qe2 axb5 30. g4 Re8 31. Be6+ Kh8 32. Rd1 Qa4 33. g5 Nxd5 34. Rxd5 Qxf4 35. Kg2 b4 36. b3 Qc1 37. h4 c4 38. Rd1 Qc3 39. Qxc4 Qb2+ 40. Kh1 Qf2 41. Rf1 Qe3 42. Qg4 Qa7 43. Qf5 1-0

[Event "Biel"]
[Site "Biel SUI"]
[Date "2020.07.29"]
[Round "7"]
[White "Romain Edouard"]
[Black "Vincent Keymer"]
[Result "1-0"]
[EventDate "2020.07.18"]
[WhiteElo "2649"]
[BlackElo "2558"]
[PlyCount "75"]

1. e4 c5 2. Nf3 d6 3. Bb5+ Nd7 4. Ba4 Nf6 5. O-O e6 6. Re1 a6 7. c4 Be7 8. d4 cxd4 9. Nxd4 O-O 10. Nc3 Qc7 11. Qe2 Ne5 12. Bb3 Bd7 13. f4 Ng6 14. Kh1 e5 15. Nf5 Bd8 16. fxe5 Nxe5 17. Bf4 Re8 18. Rad1 Bxf5 19. exf5 Qc8 20. Qc2 Ba5 21. Ba4 Qxc4 22. Bg5 Bxc3 23. bxc3 b5 24. Bb3 Qg4 25. Bxf6 gxf6 26. Qf2 Kh8 27. Rxd6 Rad8 28. Rxd8 Rxd8 29. Qb6 Re8 30. Bxf7 Qh4 31. g3 Qh6 32. Bxe8 Ng4 33. Bh5 Qxh5 34. Qb8+ Kg7 35. Re7+ Kh6 36. Qf8+ Kg5 37. Rg7+ Kxf5 38. Qc8+ 1-0

[Event "Biel"]
[Site "Biel SUI"]
[Date "2020.07.25"]
[Round "1.2"]
[White "Vincent Keymer"]
[Black "Romain Edouard"]
[Result "1-0"]
[EventDate "2020.07.25"]
[WhiteElo "2558"]
[BlackElo "2649"]
[PlyCount "70"]

1. Nf3 c5 2. c4 Nc6 3. Nc3 e5 4. h3 g6 5. g4 Bg7 6. d3 d6 7. Bg2 Nge7 8. Ne4 h6 9. g5 hxg5 10. Bxg5 f5 11. Nf6+ Kf7 12. Nd5 Rb8 13. h4 Qe8 14. Bxe7 Nxe7 15. Ng5+ Kg8 16. e3 Nxd5 17. Bxd5+ Kf8 18. Qf3 Qe7 19. a4 a6 20. Kd2 Rh5 21. Kc2 Bf6 22. Rag1 Kg7 23. Ne4 Rxh4 24. Rxh4 Bxh4 25. Ng3 Bxg3 26. Qxg3 Qf6 27. Rh1 Be6 28. Qh2 Rg8 29. Qh7+ Kf8 30. Qxb7 Bxd5 31. cxd5 Qe7 32. Qxa6 Kg7 33. a5 e4 34. Qc4 Rb8 35. Ra1 Qf6 1-0

[Event "Biel"]
[Site "Biel SUI"]
[Date "2020.07.25"]
[Round "2.2"]
[White "Romain Edouard"]
[Black "Vincent Keymer"]
[Result "1-0"]
[EventDate "2020.07.25"]
[WhiteElo "2649"]
[BlackElo "2558"]
[PlyCount "105"]

1. c4 c6 2. d4 d5 3. Nf3 Nf6 4. Nc3 e6 5. Bg5 h6 6. Bxf6 Qxf6 7. e3 g6 8. Be2 Bg7 9. O-O O-O 10. e4 dxe4 11. Nxe4 Qf4 12. Qc2 c5 13. Nxc5 Nc6 14. d5 Nd4 15. Nxd4 Qxd4 16. Nb3 Qxb2 17. Qxb2 Bxb2 18. Rab1 Ba3 19. Bf3 exd5 20. Bxd5 Bf5 21. Rbd1 Rac8 22. Nd4 Bd7 23. Nc2 Be7 24. Bxb7 Rc7 25. Ba6 Ba4 26. Rd2 Bxc2 27. Rxc2 Rd8 28. Bb5 Bc5 29. g3 Re7 30. Bc6 Rd6 31. Bd5 Kg7 32. Kg2 h5 33. f4 Re3 34. Rf3 Re1 35. Rf1 Re3 36. Rff2 Rd7 37. Rfe2 Rde7 38. Rxe3 Rxe3 39. Rb2 Bb6 40. a4 Kf6 41. Rb5 Re2+ 42. Kf1 Rf2+ 43. Ke1 Rxh2 44. c5 Bd8 45. Rb7 Be7 46. c6 Rc2 47. Rxa7 Rc5 48. Rd7 Rc3 49. c7 Bb4 50. Kf1 g5 51. Bb7 Rc1+ 52. Ke2 Rc2+ 53. Kd1 1-0

[Event "Biel"]
[Site "Biel SUI"]
[Date "2020.07.25"]
[Round "3.4"]
[White "Pentala Harikrishna"]
[Black "Vincent Keymer"]
[Result "1/2-1/2"]
[EventDate "2020.07.25"]
[WhiteElo "2719"]
[BlackElo "2558"]
[PlyCount "50"]

1. c4 c6 2. d4 d5 3. Nc3 Nf6 4. cxd5 cxd5 5. Bf4 Nc6 6. e3 a6 7. Bd3 Bg4 8. Nge2 e6 9. O-O Bd6 10. f3 Bh5 11. Bxd6 Qxd6 12. Nf4 Bg6 13. Qd2 O-O 14. Nxg6 hxg6 15. f4 Rfc8 16. Rfc1 b5 17. Ne2 Nb4 18. Rxc8+ Rxc8 19. Rc1 Rxc1+ 20. Nxc1 Ne4 21. Bxe4 dxe4 22. Kf2 Qc6 23. Qxb4 Qxc1 24. Qc3 Qd1 25. h3 Kh7 1/2-1/2

[Event "Biel"]
[Site "Biel SUI"]
[Date "2020.07.25"]
[Round "4.4"]
[White "Vincent Keymer"]
[Black "Pentala Harikrishna"]
[Result "0-1"]
[EventDate "2020.07.25"]
[WhiteElo "2558"]
[BlackElo "2719"]
[PlyCount "70"]

1. Nf3 d5 2. e3 Nf6 3. c4 e6 4. Nc3 Bd6 5. b3 b6 6. Bb2 a6 7. cxd5 exd5 8. g3 O-O 9. Bg2 Bb7 10. O-O Re8 11. Rc1 Nbd7 12. Re1 c5 13. d4 Bf8 14. Ne2 a5 15. a4 Ne4 16. Nf4 Ndf6 17. Ne5 cxd4 18. exd4 Bb4 19. Re3 Bd2 20. Re2 Bxc1 21. Qxc1 Rc8 22. Qe3 Ba6 23. Nfd3 Nd7 24. Bh3 Nxe5 25. dxe5 Rc7 26. Qd4 Nc5 27. Nxc5 bxc5 28. Qd2 Bxe2 29. Qxe2 c4 30. bxc4 dxc4 31. Bc3 Qd3 32. Qb2 Qd1+ 33. Kg2 Qd5+ 34. Kg1 Rb7 35. Qc1 Qd3 0-1

[Event "Biel"]
[Site "Biel SUI"]
[Date "2020.07.25"]
[Round "5.1"]
[White "Vincent Keymer"]
[Black "Noel Studer"]
[Result "0-1"]
[EventDate "2020.07.25"]
[WhiteElo "2558"]
[BlackElo "2580"]
[PlyCount "92"]

1. d4 Nf6 2. c4 e6 3. Nf3 d5 4. Nc3 Bb4 5. Bg5 h6 6. Bxf6 Qxf6 7. e3 O-O 8. Qb3 c5 9. cxd5 exd5 10. dxc5 Bxc3+ 11. Qxc3 Qxc3+ 12. bxc3 Nd7 13. Nd4 Nxc5 14. f3 Bd7 15. Kd2 Rfc8 16. Be2 Rc7 17. Rhc1 Rac8 18. Rab1 a6 19. c4 dxc4 20. Bxc4 Na4 21. Bb3 Nc3 22. Ra1 b5 23. Ne2 b4 24. Nxc3 bxc3+ 25. Kc2 a5 26. Rab1 Kf8 27. Rd1 Rb8 28. e4 f5 29. e5 f4 30. e6 Be8 31. Bd5 Rd8 32. Rb6 Ke7 33. Kc1 Rc5 34. Be4 Rxd1+ 35. Kxd1 Ba4+ 36. Kc1 c2 37. Bd3 Rc3 38. Bf5 Kf6 39. Be4 Rc5 40. Rb2 Kxe6 41. Bxc2 Kd5 42. Kd2 Rxc2+ 43. Rxc2 Bxc2 44. Kxc2 Kc4 45. Kd2 Kd4 46. h4 h5 0-1

[Event "Biel"]
[Site "Biel SUI"]
[Date "2020.07.25"]
[Round "6.1"]
[White "Noel Studer"]
[Black "Vincent Keymer"]
[Result "0-1"]
[EventDate "2020.07.25"]
[WhiteElo "2580"]
[BlackElo "2558"]
[PlyCount "77"]

1. d4 d5 2. c4 c6 3. cxd5 cxd5 4. Bf4 Nc6 5. e3 Nf6 6. Nc3 a6 7. Be2 Bf5 8. Nf3 Nh5 9. Be5 e6 10. h3 Nf6 11. Qb3 Na5 12. Qa4+ Nc6 13. Bh2 b5 14. Qd1 Bd6 15. Ne5 Bxe5 16. dxe5 Nd7 17. g4 Bg6 18. O-O h5 19. Bg3 hxg4 20. hxg4 Ndxe5 21. f4 Nc4 22. Bxc4 dxc4 23. Qf3 Ne7 24. f5 exf5 25. Rad1 Qc8 26. Nd5 Nxd5 27. Rxd5 fxg4 28. Re5+ Kf8 29. Qd5 Kg8 30. Rg5 Rh3 31. Rxg6 Rxg3+ 32. Kh2 Rh3+ 33. Kg2 Rf3 34. Rg5 Rxf1 35. Kxf1 Qd8 36. Qc5 Qf6+ 37. Ke1 Rd8 38. Rd5 Qh4+ 39. Ke2 0-1

[Event "Biel"]
[Site "Biel SUI"]
[Date "2020.07.25"]
[Round "7.4"]
[White "Vincent Keymer"]
[Black "Radoslaw Wojtaszek"]
[Result "1/2-1/2"]
[EventDate "2020.07.25"]
[WhiteElo "2558"]
[BlackElo "2719"]
[PlyCount "66"]

1. Nf3 d5 2. e3 Nf6 3. c4 e6 4. Nc3 Nbd7 5. b3 b6 6. Bb2 Bb7 7. Rc1 a6 8. cxd5 exd5 9. Ne2 g6 10. g3 Bd6 11. Bg2 O-O 12. O-O Qe7 13. Nf4 Rac8 14. h4 Ba3 15. Qc2 Bxb2 16. Qxb2 c5 17. h5 b5 18. h6 Rfe8 19. g4 d4 20. g5 Ne4 21. exd4 Nxg5 22. dxc5 Nxf3+ 23. Bxf3 Qg5+ 24. Ng2 Qxh6 25. Bxb7 Rxc5 26. Rxc5 Nxc5 27. Bf3 Nd3 28. Qf6 Ne5 29. Re1 Nxf3+ 30. Qxf3 Rxe1+ 31. Nxe1 Qxd2 32. Nd3 Qxa2 33. Qd5 Qa1+ 1/2-1/2

[Event "Biel"]
[Site "Biel SUI"]
[Date "2020.07.25"]
[Round "8.4"]
[White "Radoslaw Wojtaszek"]
[Black "Vincent Keymer"]
[Result "1/2-1/2"]
[EventDate "2020.07.25"]
[WhiteElo "2719"]
[BlackElo "2558"]
[PlyCount "116"]

1. c4 c6 2. Nf3 d5 3. e3 Nf6 4. Nc3 e6 5. Qc2 Bd6 6. d4 Nbd7 7. b3 O-O 8. Bb2 e5 9. Be2 e4 10. Nd2 Nb8 11. g4 Bxg4 12. Bxg4 Nxg4 13. cxd5 cxd5 14. Nxd5 f5 15. h3 Qh4 16. Rf1 Nh2 17. Rg1 Nc6 18. O-O-O Qxf2 19. Nc4 Qxc2+ 20. Kxc2 Rad8 21. Rg2 Nf3 22. a3 Bb8 23. Nc3 a6 24. Nd2 Nxd2 25. Rdxd2 Ne7 26. d5 Be5 27. d6 Nc6 28. d7 Rf7 29. Nd5 Bxb2 30. Kxb2 Ne5 31. Nb6 Nd3+ 32. Ka2 Rf6 33. Rc2 g6 34. Rc8 Rff8 35. Rgc2 Kf7 36. Rxd8 Rxd8 37. Rc7 Ke6 38. Kb1 Kd6 39. Rc8 Ke7 40. Kc2 Ne5 41. Rc7 Nxd7 42. Rxb7 Ke6 43. Nc4 g5 44. Ra7 f4 45. Rxa6+ Ke7 46. Rh6 f3 47. Nd2 Nc5 48. Nf1 Ne6 49. Ng3 Rc8+ 50. Kd2 Rd8+ 51. Kc2 Rc8+ 52. Kd2 Rd8+ 53. Kc2 Rd3 54. Rxh7+ Kf8 55. Rh6 Kf7 56. Rh7+ Kf8 57. Rh6 Kf7 58. Rh7+ Kf8 1/2-1/2

[Event "Biel"]
[Site "Biel SUI"]
[Date "2020.07.25"]
[Round "12.3"]
[White "Arkadij Naiditsch"]
[Black "Vincent Keymer"]
[Result "1-0"]
[EventDate "2020.07.25"]
[WhiteElo "2626"]
[BlackElo "2558"]
[PlyCount "55"]

1. e4 c6 2. d4 d5 3. exd5 cxd5 4. c4 Nf6 5. Nc3 Nc6 6. Bg5 Be6 7. Be2 Qa5 8. Bf3 dxc4 9. d5 O-O-O 10. Bd2 Nb4 11. dxe6 Nd3+ 12. Kf1 g5 13. Qe2 Qf5 14. exf7 g4 15. Be4 Nxe4 16. Nxe4 Bg7 17. Bc3 Bxc3 18. bxc3 h5 19. Qe3 Rhf8 20. Ne2 Rxf7 21. Nd4 Qf4 22. Qxf4 Rxf4 23. f3 gxf3 24. gxf3 e5 25. Ne6 Rxf3+ 26. Ke2 Rf4 27. Nxf4 Nxf4+ 28. Kf2 1-0

[Event "Biel"]
[Site "Biel SUI"]
[Date "2020.07.25"]
[Round "13.3"]
[White "David Anton Guijarro"]
[Black "Vincent Keymer"]
[Result "1-0"]
[EventDate "2020.07.25"]
[WhiteElo "2703"]
[BlackElo "2558"]
[PlyCount "57"]

1. Nf3 d5 2. b3 Bf5 3. Bb2 c6 4. g3 h6 5. d3 Nf6 6. Nbd2 e6 7. Bg2 Nbd7 8. O-O Bh7 9. Re1 Bc5 10. e4 dxe4 11. dxe4 O-O 12. Qe2 Qe7 13. a3 a5 14. e5 Nd5 15. c4 Nc7 16. Ne4 Rfd8 17. Red1 Bb6 18. Nd6 Ne8 19. Nxb7 Rab8 20. Nxd8 Rxd8 21. Nd4 Bxd4 22. Bxd4 c5 23. Bc3 a4 24. bxa4 Nc7 25. Bc6 Nb8 26. Rxd8+ Qxd8 27. Rd1 Qc8 28. Be4 Bf5 29. Ba5 1-0

[Event "Biel"]
[Site "Biel SUI"]
[Date "2020.07.25"]
[Round "14.3"]
[White "Vincent Keymer"]
[Black "David Anton Guijarro"]
[Result "0-1"]
[EventDate "2020.07.25"]
[WhiteElo "2558"]
[BlackElo "2703"]
[PlyCount "117"]

1. Nf3 f5 2. d4 Nf6 3. g3 g6 4. Bg2 Bg7 5. O-O O-O 6. b3 d6 7. Bb2 c6 8. c4 a5 9. Nc3 Na6 10. a3 Nc7 11. Qc2 Rb8 12. Rfd1 b5 13. Ne1 Bd7 14. Nd3 bxc4 15. bxc4 Qe8 16. e4 fxe4 17. Nxe4 Nxe4 18. Bxe4 Ne6 19. d5 Ng5 20. Bxg7 Kxg7 21. Bg2 cxd5 22. cxd5 Nf3+ 23. Kh1 Qf7 24. Nf4 Ne5 25. Re1 g5 26. Nd3 Bf5 27. Nxe5 Bxc2 28. Nxf7 Rxf7 29. Rac1 Rxf2 30. Rxe7+ Kh6 31. Re6+ Bg6 32. Rf1 Rxf1+ 33. Bxf1 Rb6 34. Kg1 Kg7 35. Re7+ Kf6 36. Ra7 Rb1 37. Kf2 Rb2+ 38. Ke3 Rb3+ 39. Kd4 Rxa3 40. Ra6 Ra4+ 41. Bc4 Ke7 42. Ra7+ Kd8 43. Kc3 Ra1 44. h4 gxh4 45. gxh4 Rc1+ 46. Kd4 Rh1 47. Rxa5 Rxh4+ 48. Kc3 Ke7 49. Ra2 Rh3+ 50. Kb4 Rf3 51. Re2+ Kf7 52. Kb5 Rf4 53. Re6 Rf6 54. Kc6 Rxe6 55. dxe6+ Ke7 56. Kd5 Bf5 57. Kd4 Bxe6 58. Be2 Kf6 59. Bf3 0-1

[Event "Bundesliga 2019-20"]
[Site "Lingen GER"]
[Date "2020.02.22"]
[Round "7.6"]
[White "Vincent Keymer"]
[Black "Jan Werle"]
[Result "1/2-1/2"]
[EventDate "2019.11.23"]
[WhiteElo "2518"]
[BlackElo "2547"]
[PlyCount "86"]

1. c4 c5 2. Nf3 Nc6 3. Nc3 g6 4. e3 Nf6 5. d4 cxd4 6. exd4 d5 7. cxd5 Nxd5 8. Qb3 e6 9. Bb5 Bg7 10. Bg5 Qb6 11. Qa3 f6 12. Nxd5 exd5 13. Bxc6+ bxc6 14. O-O Kf7 15. Ne5+ fxe5 16. Qe7+ Kg8 17. Qe8+ Bf8 18. Bf6 exd4 19. Bxh8 c5 20. Qe5 Qe6 21. b4 Qxe5 22. Bxe5 Ba6 23. bxc5 Bxf1 24. Kxf1 Bxc5 25. Rc1 Bb6 26. f4 Re8 27. Ke2 g5 28. Kd3 gxf4 29. Bxf4 Kf7 30. Bd2 Re6 31. a4 a6 32. Rc8 Re8 33. Rc1 Re6 34. g4 Bd8 35. Rc8 Bh4 36. Rc7+ Kg6 37. Rd7 Bg5 38. Bxg5 Kxg5 39. Rxh7 Kxg4 40. Rg7+ Kh3 41. a5 Re3+ 42. Kxd4 Ra3 43. Rg3+ 1/2-1/2

[Event "Bundesliga 2019-20"]
[Site "Kiel GER"]
[Date "2020.02.09"]
[Round "6.6"]
[White "Vincent Keymer"]
[Black "Ralph Junge"]
[Result "1-0"]
[EventDate "2019.11.23"]
[WhiteElo "2518"]
[BlackElo "2259"]
[PlyCount "104"]

1. d4 e6 2. c4 f5 3. Nf3 Nf6 4. g3 c6 5. Bg2 d5 6. O-O Bd6 7. b3 Qe7 8. Bb2 b6 9. Nc3 O-O 10. Ne5 Bb7 11. cxd5 exd5 12. Qc2 g6 13. Nd3 Na6 14. a3 Nc7 15. b4 Ne6 16. e3 Rac8 17. Rfc1 Ne4 18. Qa4 Bb8 19. Qb3 Rfd8 20. a4 Nd2 21. Qa2 Ng5 22. Ne1 Nge4 23. Ba3 Nxc3 24. Rxc3 Nc4 25. b5 c5 26. dxc5 bxc5 27. Rxc4 dxc4 28. Qxc4+ Kf8 29. Bxb7 Qxb7 30. Bxc5+ Bd6 31. Qd4 Qe7 32. Qh8+ Kf7 33. Qxh7+ Kf8 34. Qh8+ Kf7 35. Qh7+ Kf8 36. Bxd6 Qxd6 37. Nf3 Rc7 38. Qh8+ Ke7 39. Qg7+ Ke8 40. Qh8+ Ke7 41. Qb2 Qf6 42. Nd4 g5 43. Qa2 Rdc8 44. Rd1 Rc3 45. Qd5 f4 46. exf4 gxf4 47. Re1+ Kf8 48. Ne6+ Kg8 49. Nxf4+ Qf7 50. Qg5+ Qg7 51. Qxg7+ Kxg7 52. Re7+ 1-0

[Event "Bundesliga 2019-20"]
[Site "Kiel GER"]
[Date "2020.02.08"]
[Round "5.6"]
[White "Thies Heinemann"]
[Black "Vincent Keymer"]
[Result "1/2-1/2"]
[EventDate "2019.11.23"]
[WhiteElo "2501"]
[BlackElo "2518"]
[PlyCount "82"]

1. e4 c5 2. Nf3 d6 3. Bb5+ Nd7 4. d4 cxd4 5. Qxd4 a6 6. Be2 Ngf6 7. O-O g6 8. c4 Bg7 9. Nc3 O-O 10. Bg5 h6 11. Bh4 g5 12. Bg3 Nh5 13. Qe3 Qb6 14. Qxb6 Nxb6 15. Rac1 Nxg3 16. hxg3 g4 17. Nd2 Bd7 18. Rfd1 Rac8 19. Nf1 h5 20. b3 Rfe8 21. f3 gxf3 22. gxf3 Bh6 23. Rb1 Kh8 24. Kf2 Rg8 25. Ne3 Bxe3+ 26. Kxe3 Rxg3 27. Rh1 Kg7 28. Rxh5 Rh8 29. Rxh8 Kxh8 30. Nd5 Nxd5+ 31. cxd5 Rg8 32. Rc1 Rc8 33. Rxc8+ Bxc8 34. b4 Bd7 35. f4 f6 36. Kd4 Kg7 37. Bd1 Kf7 38. a4 Ke8 39. a5 Kd8 40. e5 fxe5+ 41. fxe5 Bh3 1/2-1/2

[Event "16th Vandoeuvre Open 2019"]
[Site "Vandoeuvre les Nancy FRA"]
[Date "2019.12.28"]
[Round "5.2"]
[White "Vincent Keymer"]
[Black "Laurent-Paoli, Pierre"]
[Result "1-0"]
[EventDate "?"]
[WhiteElo "2527"]
[BlackElo "2393"]
[PlyCount "96"]

1. c4 g6 2. g3 Bg7 3. Nc3 c5 4. Bg2 Nc6 5. Nf3 Nh6 6. O-O Nf5 7. Rb1 O-O 8. a3 a5 9. b3 e6 10. Bb2 d5 11. Ne1 Nfe7 12. Nb5 Bxb2 13. Rxb2 b6 14. d3 e5 15. Nf3 f6 16. Nd2 Be6 17. cxd5 Nxd5 18. e3 f5 19. Nc4 Rb8 20. Re2 Qf6 21. Qa1 Kg7 22. Rfe1 Bg8 23. Qb2 f4 24. Nd2 Kh8 25. Ne4 Qg7 26. exf4 exf4 27. Qxg7+ Kxg7 28. Ng5 Kh8 29. Re4 fxg3 30. hxg3 Nf6 31. Rf4 Nd4 32. Nxd4 cxd4 33. b4 axb4 34. axb4 Rbd8 35. Re7 h6 36. Ne6 Bxe6 37. Rxe6 Nd7 38. Rxd4 Nc5 39. Rxd8 Nxe6 40. Rd6 Re8 41. Rxb6 Kg7 42. Rd6 g5 43. Bh3 Nf8 44. b5 Re1+ 45. Kg2 Rb1 46. b6 h5 47. Bf5 Rb5 48. Be4 1-0

[Event "Bundesliga 2019-20"]
[Site "Baden Baden GER"]
[Date "2019.12.08"]
[Round "4.3"]
[White "Vincent Keymer"]
[Black "Jan Smeets"]
[Result "1-0"]
[EventDate "2019.11.23"]
[WhiteElo "2518"]
[BlackElo "2596"]
[PlyCount "120"]

1. Nf3 d5 2. e3 c5 3. b3 Nc6 4. Bb5 Bd7 5. O-O a6 6. Bxc6 Bxc6 7. Ne5 Qc7 8. Bb2 e6 9. d3 Ne7 10. Nd2 f6 11. Nxc6 Nxc6 12. c4 Rd8 13. cxd5 Rxd5 14. Ne4 Qd8 15. f4 h5 16. Qf3 Rxd3 17. f5 Qd5 18. fxe6 Qxe6 19. Rad1 Rxd1 20. Rxd1 Be7 21. Rd5 Qg4 22. a3 Qxf3 23. gxf3 b6 24. Bc3 Rh6 25. Kf2 h4 26. f4 h3 27. Kf3 Rg6 28. Ng3 c4 29. bxc4 Bxa3 30. Rh5 Bb4 31. Ba1 Na5 32. Rh8+ Kd7 33. Ra8 Kc6 34. Ne4 Rg2 35. c5 bxc5 36. Rxa6+ Kb5 37. Ra7 Nc4 38. f5 Nd2+ 39. Nxd2 Bxd2 40. Rb7+ Kc4 41. Rb1 Rxh2 42. e4 Rg2 43. e5 Rg5 44. e6 Rh5 45. Rh1 Rh8 46. Rh2 Kb5 47. Kg4 c4 48. Rxh3 Rxh3 49. Kxh3 Kc6 50. Kg4 c3 51. Kh5 c2 52. Bb2 c1=Q 53. Bxc1 Bxc1 54. Kg6 Ba3 55. Kxg7 Kc7 56. Kxf6 Kd8 57. Kf7 Be7 58. f6 Bxf6 59. Kxf6 Ke8 60. e7 1-0

[Event "Bundesliga 2019-20"]
[Site "Baden Baden GER"]
[Date "2019.12.07"]
[Round "3.4"]
[White "Alexander Hoenig"]
[Black "Vincent Keymer"]
[Result "0-1"]
[EventDate "2019.11.23"]
[WhiteElo "2200"]
[BlackElo "2518"]
[PlyCount "112"]

1. d4 c5 2. c3 Nf6 3. Nf3 e6 4. Bf4 Nc6 5. e3 Nh5 6. Bg3 Nxg3 7. hxg3 d5 8. Nbd2 Bd7 9. a3 g6 10. Be2 Qe7 11. dxc5 Qxc5 12. e4 Bg7 13. exd5 exd5 14. Nb3 Qb6 15. a4 O-O 16. a5 Qc7 17. O-O Rfe8 18. Qd2 Rad8 19. Rfe1 a6 20. Nfd4 Ne5 21. Qf4 h6 22. Nf3 g5 23. Qb4 Nc4 24. Bxc4 dxc4 25. Qc5 Rxe1+ 26. Rxe1 Qxc5 27. Nxc5 Bc6 28. Ne5 Bxe5 29. Rxe5 Rd1+ 30. Kh2 Rd2 31. b3 Rxf2 32. Ne4 Bxe4 33. Rxe4 cxb3 34. Rb4 b2 35. g4 Rc2 36. Rxb7 Kg7 37. Rb6 f6 38. c4 Kg6 39. Kg3 h5 40. gxh5+ Kxh5 41. Kf3 f5 42. g4+ fxg4+ 43. Kg3 Rxc4 44. Rxb2 Rc3+ 45. Kg2 Ra3 46. Rb8 g3 47. Rb6 Rxa5 48. Kxg3 Ra3+ 49. Kf2 a5 50. Rc6 Kh4 51. Rh6+ Kg4 52. Rh8 Ra2+ 53. Ke3 Kg3 54. Ke4 g4 55. Rg8 Rb2 56. Kf5 Kf3 0-1

[Event "Bundesliga 2019-20"]
[Site "Deizisau GER"]
[Date "2019.11.24"]
[Round "2.4"]
[White "Vincent Keymer"]
[Black "Felix Blohberger"]
[Result "1-0"]
[EventDate "2019.11.23"]
[WhiteElo "2518"]
[BlackElo "2434"]
[PlyCount "78"]

1. Nf3 f5 2. d4 Nf6 3. Nc3 e6 4. Bg5 d5 5. e3 Be7 6. Bd3 c5 7. Ne5 Nc6 8. Bb5 Bd7 9. Bxc6 Bxc6 10. Ne2 O-O 11. Nf4 Qd6 12. O-O h6 13. Bxf6 Bxf6 14. Neg6 Rfc8 15. Nh5 Bd8 16. c3 Be8 17. Ne5 g6 18. Nf4 Kh7 19. Nfd3 c4 20. Ne1 b5 21. a3 a5 22. g4 b4 23. Ng2 bxc3 24. bxc3 Rab8 25. h4 Bf6 26. f4 h5 27. gxh5 gxh5 28. Kh1 Rb3 29. Qc1 Rcb8 30. Rg1 Rb2 31. Ne1 Re2 32. Rb1 Rxb1 33. Qxb1 Rxe3 34. Qc1 Re2 35. N1f3 Qb6 36. Qf1 Rb2 37. Qe1 Qb7 38. Qg3 Be7 39. Ng5+ 1-0

[Event "Bundesliga 2019-20"]
[Site "Deizisau GER"]
[Date "2019.11.23"]
[Round "1.3"]
[White "Hans Moehn"]
[Black "Vincent Keymer"]
[Result "1/2-1/2"]
[EventDate "2019.11.23"]
[WhiteElo "2370"]
[BlackElo "2518"]
[PlyCount "116"]

1. Nf3 d5 2. g3 Bg4 3. Bg2 c6 4. d4 Nf6 5. O-O Nbd7 6. h3 Bf5 7. c4 e6 8. Qb3 Qb6 9. Nc3 h6 10. Re1 Be7 11. c5 Qxb3 12. axb3 O-O 13. b4 Ne4 14. Nxe4 Bxe4 15. Bd2 f5 16. Bc3 f4 17. Nd2 Bxg2 18. Kxg2 fxg3 19. fxg3 Nf6 20. Rf1 Bd8 21. Rae1 Bc7 22. e4 dxe4 23. Nxe4 Nd5 24. Rxf8+ Rxf8 25. Nd2 Rf6 26. Ne4 Rg6 27. h4 Nf6 28. Nxf6+ gxf6 29. Rxe6 Rxg3+ 30. Kf2 Rg4 31. Rxf6 Rxh4 32. d5 cxd5 33. Rg6+ Kf8 34. Rg7 Rf4+ 35. Kg2 Rf7 36. Rg6 Rh7 37. b5 Kf7 38. Rf6+ Ke7 39. Rg6 h5 40. Rg8 Ke6 41. Ra8 h4 42. Kh3 Bg3 43. Rxa7 Bf2 44. b4 d4 45. Bd2 Rd7 46. Ra8 Kd5 47. Rc8 Bg3 48. c6 bxc6 49. bxc6 Rc7 50. Rxc7 Bxc7 51. Kxh4 Kxc6 52. Kg4 Kd5 53. Kf3 d3 54. Ke3 Kc4 55. Ke4 Bb6 56. b5 Bf2 57. Kf3 Bd4 58. Ke4 Bc5 1/2-1/2

[Event "Isle of Man Grand Swiss"]
[Site "Douglas IMN"]
[Date "2019.10.20"]
[Round "10.58"]
[White "Vincent Keymer"]
[Black "Niclas Huschenbeth"]
[Result "1/2-1/2"]
[EventDate "2019.10.10"]
[WhiteElo "2506"]
[BlackElo "2624"]
[PlyCount "129"]

1. Nf3 d5 2. e3 Nf6 3. c4 e6 4. Nc3 b6 5. cxd5 exd5 6. g3 Bd6 7. Bg2 O-O 8. O-O Bb7 9. b3 Nbd7 10. Bb2 Re8 11. Rc1 a6 12. Re1 b5 13. d4 Ne4 14. Nxe4 dxe4 15. Ne5 Bd5 16. Nc6 Qg5 17. Qd2 Bxc6 18. Rxc6 Qd5 19. Rc2 a5 20. Bc3 b4 21. Bb2 h5 22. Qe2 Nf6 23. Qc4 Qf5 24. d5 Nxd5 25. Rd1 Nb6 26. Qd4 Qg6 27. Rc6 Rad8 28. h4 Kh7 29. Qd2 Qg4 30. Qc2 Qe6 31. Rd4 f5 32. Qe2 g6 33. Qc2 Nd7 34. Bf1 Qe7 35. Bb5 Ne5 36. Rdxd6 Rxd6 37. Bxe5 Qxe5 38. Rxd6 cxd6 39. Bxe8 Qxe8 40. Qc7+ Kh6 41. Qxd6 Qb5 42. Qf8+ Kh7 43. Qf7+ Kh6 44. Qg8 Qe5 45. Kg2 Qg7 46. Qb8 Kh7 47. Qd6 Qb7 48. Qc5 Qa6 49. Qd5 Kg7 50. Qd7+ Kg8 51. Qe8+ Kg7 52. Qe7+ Kg8 53. g4 fxg4 54. Qxe4 Qf6 55. Qd5+ Kg7 56. Qxa5 Qxh4 57. Qxb4 Qh3+ 58. Kg1 g3 59. Qe7+ Kh6 60. Qf8+ Kh7 61. Qf7+ Kh8 62. Qf3 gxf2+ 63. Kxf2 Qh2+ 64. Qg2 Qd6 65. Qa8+ 1/2-1/2